| 000 | 01340cam a2200325 a 4500 | ||
|---|---|---|---|
| 001 | 15356314 | ||
| 005 | 20090901064737.0 | ||
| 008 | 080707s2009 maua b 001 0 eng | ||
| 010 | _a 2008030000 | ||
| 020 | _a0073401048 (hard copy : alk. paper) | ||
| 020 | _a9780073401041 (hard copy : alk. paper) | ||
| 035 | _a(OCoLC)ocn213309189 | ||
| 035 | _a(OCoLC)213309189 | ||
| 040 |
_aDLC _cDLC _dBTCTA _dBAKER _dC#P _dBWX _dYDXCP _dVP@ _dDLC |
||
| 050 | 0 | 0 |
_aHD9715.A2 _bS363 2009 |
| 082 | 0 | 0 |
_a692 _222 _bCON |
| 245 | 0 | 0 |
_aConstruction Management Fundamentals / _cKraig Knutson ... [et al.]. |
| 250 | _a2nd ed. | ||
| 260 |
_aBoston : _bMcGraw-Hill Higher Education, 2009 _cc2009. |
||
| 300 |
_axxi, 697 p. : _bill. ; _c24 cm. |
||
| 490 |
_918690 _aThe McGraw-Hill Series in Civil Engineering |
||
| 504 | _aIncludes bibliographical references and index. | ||
| 650 | 0 |
_aConstruction industry _xManagement. _923124 |
|
| 653 |
_bCiv _cApril2011 |
||
| 700 | 1 |
_aKnutson, Kraig. _923125 |
|
| 856 | 4 | 1 |
_3Table of contents only _uhttp://www.loc.gov/catdir/toc/ecip0822/2008030000.html |
| 942 |
_2ddc _cBB |
||
| 999 |
_c15127 _d15127 |
||